| 000 | 00565nam a22001937a 4500 | ||
|---|---|---|---|
| 005 | 20251002121059.0 | ||
| 020 |
_aO826200974 _cTZS 600/= |
||
| 040 |
_aMCCL _beng. _eAACR 2nd.rev.ed. |
||
| 082 | _a309.2 CAR | ||
| 100 | _aCARY, L. J. | ||
| 245 |
_aCommunity development as a process: _cLee J. Cary, ed. |
||
| 260 |
_aColumbia: _bUniversity of Missouri Press _cc1970 |
||
| 300 |
_ax,213p.: _bill.; _c22cm. |
||
| 504 | _aIncudes bibliographical references and Index. | ||
| 546 | _aeng. | ||
| 650 | _aCommunity development | ||
| 700 | _aCARY, L. J. ed. | ||
| 942 | _cBK | ||
| 999 |
_c11615 _d11615 |
||